5HLuxD.jpg

KING HENRY VIII SENIOR AND PRIMARY SCHOOL LIBRARY OPAC

Reckless / (Record no. 5395)

000 -LEADER
fixed length control field 01962nam a2200361 i 4500
001 - CONTROL NUMBER
control field pr07374530
003 - CONTROL NUMBER IDENTIFIER
control field CaOWLBI
005 - DATE AND TIME OF LATEST TRANSACTION
control field 20250910094530.0
008 - FIXED-LENGTH DATA ELEMENTS--GENERAL INFORMATION
fixed length control field 240708s2024 nyub d 000 1 eng d
020 ## - INTERNATIONAL STANDARD BOOK NUMBER
International Standard Book Number 9781665955430
040 ## - CATALOGING SOURCE
Original cataloging agency DLC
Language of cataloging eng
Description conventions rda
Transcribing agency DLC
Modifying agency DLC
-- CaOWLBI
-- CaOL
-- KH8
082 ## - DEWEY DECIMAL CLASSIFICATION NUMBER
Classification number FIC ROB
100 1# - MAIN ENTRY--PERSONAL NAME
Personal name Roberts, Lauren,
Dates associated with a name 2002-
Relator term author.
245 10 - TITLE STATEMENT
Title Reckless /
Statement of responsibility, etc. Lauren Roberts.
264 #1 - PRODUCTION, PUBLICATION, DISTRIBUTION, MANUFACTURE, AND COPYRIGHT NOTICE
Place of production, publication, distribution, manufacture New York :
Name of producer, publisher, distributor, manufacturer Simon & Schuster BFYR,
Date of production, publication, distribution, manufacture, or copyright notice [2024]
300 ## - PHYSICAL DESCRIPTION
Extent 383 pages :
Other physical details map ;
Dimensions 22 cm.
336 ## - CONTENT TYPE
Content type term text
Content type code txt
Source rdacontent.
337 ## - MEDIA TYPE
Media type term unmediated
Media type code n
Source rdamedia.
338 ## - CARRIER TYPE
Carrier type term volume
Carrier type code nc
Source rdacarrier.
490 1# - SERIES STATEMENT
Series statement Powerless trilogy ;
Volume/sequential designation book 2.
520 ## - SUMMARY, ETC.
Summary, etc. Paedyn and Kai battle with duty and desire in this highly anticipated second installment in the sizzling and epic romantic fantasy trilogy that's packed with spicy tension and edge-of-your-seat betrayal. The kingdom of Ilya is in turmoil... After surviving the Purging Trials, Ordinary-born Paedyn Gray has killed the King and kickstarted a Resistance throughout the land. Now she's running from the one person she had wanted to run to. Kai Azer is now Ilya's Enforcer, loyal to his brother Kitt, the new King. He has vowed to find Paedyn and bring her to justice. Across the deadly Scorches, and deep into the hostile city of Dor, Kai pursues the one person he wishes he didn't have to. But in a city without Elites, the balance between the hunter and hunted shifts - and the battle between duty and desire is deadly.
650 #0 - SUBJECT ADDED ENTRY--TOPICAL TERM
Topical term or geographic name entry element Government, Resistance to
Form subdivision Fiction.
650 #0 - SUBJECT ADDED ENTRY--TOPICAL TERM
Topical term or geographic name entry element Interpersonal relations
Form subdivision Fiction.
650 #0 - SUBJECT ADDED ENTRY--TOPICAL TERM
Topical term or geographic name entry element Survival
Form subdivision Fiction.
650 #0 - SUBJECT ADDED ENTRY--TOPICAL TERM
Topical term or geographic name entry element Kings and rulers
Form subdivision Fiction.
650 #0 - SUBJECT ADDED ENTRY--TOPICAL TERM
Topical term or geographic name entry element Elite (Social sciences)
Form subdivision Fiction.
650 #0 - SUBJECT ADDED ENTRY--TOPICAL TERM
Topical term or geographic name entry element Princes
Form subdivision Fiction.
650 #0 - SUBJECT ADDED ENTRY--TOPICAL TERM
Topical term or geographic name entry element Social classes
Form subdivision Fiction.
650 #0 - SUBJECT ADDED ENTRY--TOPICAL TERM
Topical term or geographic name entry element Fantasy fiction.
Source of heading or term genre.
650 #0 - SUBJECT ADDED ENTRY--TOPICAL TERM
Topical term or geographic name entry element Action and adventure fiction.
Source of heading or term genre.
830 #0 - SERIES ADDED ENTRY--UNIFORM TITLE
Uniform title Powerless trilogy ;
Volume/sequential designation 2.
942 ## - ADDED ENTRY ELEMENTS (KOHA)
Source of classification or shelving scheme
Koha item type Books - Fiction
Holdings
Withdrawn status Lost status Source of classification or shelving scheme Damaged status Not for loan Collection code Permanent Location Current Location Shelving location Date acquired Total Checkouts Full call number Barcode Date last seen Date last checked out Price effective from Koha item type
          Fiction KH8 Senior School Library KH8 Senior School Library Young Adult 2025-09-10 2 FIC ROB 3KHSL000102416 2025-11-19 2025-11-17 2025-09-10 Books - Fiction

Powered By KH8 IT Dept